Saving the planet by design : reinventing our world through ecomimesis / (Record no. 5683)

MARC details
000 -LEADER
fixed length control field 00550nam a2200181 ar4500
001 - CONTROL NUMBER
control field 5686
005 - DATE AND TIME OF LATEST TRANSACTION
control field 20221127091200.0
008 - FIXED-LENGTH DATA ELEMENTS--GENERAL INFORMATION
fixed length control field 110322s ||| 00010|eng d
020 ## - INTERNATIONAL STANDARD BOOK NUMBER
International Standard Book Number 9780415685818 (pbk)
Canceled/invalid ISBN SR106
082 04 - DEWEY DECIMAL CLASSIFICATION NUMBER
Classification number 745.2 Ye37 2019
100 1# - MAIN ENTRY--PERSONAL NAME
Personal name Yeang, Ken,
245 10 - TITLE STATEMENT
Title Saving the planet by design : reinventing our world through ecomimesis /
Statement of responsibility, etc. Ken Yeang,
250 ## - EDITION STATEMENT
Edition statement 1st.rd.
260 ## - PUBLICATION, DISTRIBUTION, ETC.
Place of publication, distribution, etc. New York,
Name of publisher, distributor, etc. Routledge,
Date of publication, distribution, etc. 2019
300 ## - PHYSICAL DESCRIPTION
Extent 214 p.
Other physical details ill.col.
Dimensions 23 cm.
500 ## - GENERAL NOTE
General note Includes bib.references and index
650 #4 - SUBJECT ADDED ENTRY--TOPICAL TERM
Topical term or geographic name entry element Sustainable design

No items available.